Inventúra a inventarizácia a jej význam pre účtovníctvo bakalárska práca

Gespeichert in:
Bibliographische Detailangaben
1. Verfasser: Leška, Peter
Körperschaft: Fakulta hospodárskej informatiky EU. Katedra účtovníctva a audítorstva
Weitere Verfasser: Rusňáková, Lucia
Format: Buch
Sprache:Slowakisch
Veröffentlicht: Bratislava 2010
Tags: Tag hinzufügen
Keine Tags, Fügen Sie das erste Tag hinzu!

MARC

LEADER 00000nbm a2200000 4500
001 0133764
005 20161109111548.1
041 0 |a slo 
044 |a SK 
245 1 0 |a Inventúra a inventarizácia a jej význam pre účtovníctvo  |b bakalárska práca  |c Peter Leška ; školiteľ: Lucia Rusňáková 
264 1 |a Bratislava  |c 2010 
300 |a 40 s. 
100 1 |a Leška, Peter 
700 1 |a Rusňáková, Lucia 
710 2 |a Fakulta hospodárskej informatiky EU. Katedra účtovníctva a audítorstva